01210nam a2200217 i 4500001000700000003000900007005001700016008004100033080002500074110005600099245012300155260005600278300002800334505034200362530003500704610005600739611006000795650002400855852002400879856008900903190108ES-MaACL20230906223637.0200729s1863 sp |||| | spa d a061.48(460.33 Lorca)2 aSociedad Económica de Amigos del País de Lorca.10aLa esposición [sic] agrícola e industrial de Lorca en 1863 / cSociedad Económica de Amigos del País de Lorca. aLorca : b[s.n.], c1863 (fImp. de J. B.ª Campoy) a8, 47, 11 p. ; c22 cm.8 aContiene: Memoria leída por el sr. vice-director de la Sociedad Económica de Amigos del País de esta ciudad, en la sesión pública celebrada en 20 de diciembre de 1863, de acuerdo con lo prevenido en el artículo 60 de los Estatutos generales (8 p.) . Lista nominal de los ss. espositores [sic] que han obtenido premios (11 p.) aDisponible en formato digital.24aSociedad Económica de Amigos del País de Lorca.2 aExposición agrícola e industrial. d(1863. cLorca) 4aFerias agrícolas.4 aES-MaACLjT-82-F-114 uhttp://bdh-rd.bne.es/viewer.vm?id=0000115761&page=1 zBiblioteca Digital Hispánica